| 000 | 00845 a2200217 4500 | ||
|---|---|---|---|
| 001 | 18822 | ||
| 005 | 20260407155459.0 | ||
| 008 | 260407a2009 arg spa d | ||
| 003 | AR-UNSa-BCEJYS | ||
| 040 |
_aAR-UNSa-BCEJYS _bspa _cAR-UNSa-BCEJYS |
||
| 080 |
_a343.9 _xCriminología. Criminalística |
||
| 245 | 1 | 0 | _aLa sociedad de la prevención |
| 020 | _a978-950-894-724-6 | ||
| 264 | 1 |
_aBuenos Aires : _bAD-HOC _c2009 |
|
| 300 |
_a192 p. _c23 cm. |
||
| 505 | _a1. De una modernidad a otra - 2. Es mejor prevenir que curar - 3. Prevención y seguridad - 4. Prevención y seguridad - 5. Prevención, política, derecho | ||
| 942 | _cBK | ||
| 590 | _aniveau_biblio:m niveau_hierar:0 | ||
| 100 | 1 | _aPitch, Tamar | |
| 856 | 4 | 1 |
_uhttps://biblioeco.unsa.edu.ar/pmb/images/libros/La sociedad de la prevencion2-l117741.jpg _yImagen de portada _qimage/jpeg |
| 999 |
_c733 _d733 |
||